000 00588nam a2200193Ia 4500
005 20250508151523.0
008 008 250505s9999 xx 000 0 eng d
037 _aTextual
040 _aFEDL
_beng
_cFEDL
041 _aeng
_2eng
084 _a372.51, LEW
_qFEDL
100 _aLewry Morion E
_9759395
245 0 _aFirst grade pupil's book in manuscript writing
260 _aNew York, USA
_bNoble and Noble, Publishers, Inc
_c1947
300 _a72p
490 _aEasy steps in manusctript writing series
942 _cTEXL
_h372.51, LEW
999 _c1330325
_d1330325